[Event "43. Olimpiada Batumi 2018 Femenina"]
[Site "Batumi GEO"]
[Date "2018.09.26"]
[Round "3.2"]
[White "Zhang, Jasmine Haomo"]
[Black "Hincu, Olga"]
[Result "0-1"]
[WhiteElo "1899"]
[BlackElo "2124"]
[PlyCount "104"]
[EventDate "2018.09.24"]
[EventType "team-swiss"]
[EventRounds "11"]
[EventCountry "GEO"]
[SourceTitle "Ajedrez en Madrid"]
[Source "lmi"]
[SourceDate "2018.09.24"]
[WhiteTeam "New Zealand"]
[BlackTeam "Moldova"]
[WhiteTeamCountry "NZL"]
[BlackTeamCountry "MDA"]

1. d4 d5 2. Bf4 c5 3. e3 Nf6 4. Nf3 e6 5. c3 Bd6 6. Bg3 O-O 7. Nbd2 Qc7 8. Bd3
Nbd7 9. Qe2 e5 10. dxe5 Nxe5 11. Nxe5 Bxe5 12. Bxe5 Qxe5 13. O-O Bg4 14. f3 Bh5
15. Rfe1 Rae8 16. Bc2 Bg6 17. Nb3 b6 18. Rad1 Qg5 19. Bxg6 fxg6 20. Qd2 Qh4 21.
Nc1 g5 22. Ne2 Re5 23. Ng3 Rfe8 24. b3 R8e6 25. Qd3 c4 26. bxc4 dxc4 27. Qd8+
Re8 28. Qd2 Nd5 29. e4 Nf4 30. Qd4 g4 31. Qxc4+ Kh8 32. Qf1 Rg5 33. fxg4 Rxg4
34. Rd2 h5 35. Nf5 Qg5 36. Kh1 Ng6 37. Rde2 Rf4 38. Qg1 Ne5 39. Rf1 Rd8 40.
Rxf4 Qxf4 41. Nd4 Rd6 42. h3 Rf6 43. Nf5 g6 44. Ne7 Qg3 45. Nd5 Rf8 46. Qd1 Nd3
47. Kg1 Kh7 48. Re3 Qf2+ 49. Kh2 Ne5 50. Re2 Qh4 51. g3 Qg5 52. Qd4 Nf3+ 0-1

[Event "43. Olimpiada Batumi 2018 Femenina"]
[Site "Batumi GEO"]
[Date "2018.09.26"]
[Round "3.3"]
[White "Petrenko, Svetlana"]
[Black "Qin, Nicole Shu Yu"]
[Result "1-0"]
[WhiteElo "2156"]
[BlackElo "1790"]
[PlyCount "53"]
[EventDate "2018.09.24"]
[EventType "team-swiss"]
[EventRounds "11"]
[EventCountry "GEO"]
[SourceTitle "Ajedrez en Madrid"]
[Source "lmi"]
[SourceDate "2018.09.24"]
[WhiteTeam "Moldova"]
[BlackTeam "New Zealand"]
[WhiteTeamCountry "MDA"]
[BlackTeamCountry "NZL"]

1. c4 e6 2. Nf3 d5 3. e3 Nf6 4. b3 c6 5. Bb2 Nbd7 6. a3 Bd6 7. d4 b6 8. Bd3 Qe7
9. Ne5 Bb7 10. O-O O-O 11. Nd2 Rac8 12. f4 h6 13. Qf3 Nh7 14. Qh3 Bxe5 15. dxe5
Rfe8 16. g4 Ndf8 17. cxd5 cxd5 18. b4 Rc7 19. Nf3 Bc8 20. Qg3 Rd8 21. h4 Kh8
22. Rf2 Nd7 23. g5 Rg8 24. Rg2 Qe8 25. f5 exf5 26. gxh6 Qf8 27. e6 1-0

[Event "43. Olimpiada Batumi 2018 Femenina"]
[Site "Batumi GEO"]
[Date "2018.09.26"]
[Round "3.4"]
[White "Qin, Joy Shu Yan"]
[Black "Partac, Elena"]
[Result "1/2-1/2"]
[WhiteElo "1727"]
[BlackElo "2051"]
[PlyCount "76"]
[EventDate "2018.09.24"]
[EventType "team-swiss"]
[EventRounds "11"]
[EventCountry "GEO"]
[SourceTitle "Ajedrez en Madrid"]
[Source "lmi"]
[SourceDate "2018.09.24"]
[WhiteTeam "New Zealand"]
[BlackTeam "Moldova"]
[WhiteTeamCountry "NZL"]
[BlackTeamCountry "MDA"]

1. e4 c5 2. c3 d6 3. d4 Nf6 4. Bd3 g6 5. Nf3 Bg7 6. O-O O-O 7. Re1 cxd4 8. cxd4
Nc6 9. Nc3 Bg4 10. Be3 e5 11. Be2 Bxf3 12. Bxf3 h6 13. d5 Ne7 14. Qd2 Kh7 15.
Rac1 Ne8 16. Bd1 g5 17. Ne2 Nf6 18. Ng3 Qd7 19. h3 b5 20. Qa5 Rfc8 21. Be2 a6
22. Rxc8 Qxc8 23. Rc1 Qd8 24. Bb6 Qg8 25. Rc7 Bf8 26. Bxb5 h5 27. Be2 Qg6 28.
Qc3 h4 29. Nf5 Nxe4 30. Nxe7 Nxc3 31. Nxg6 Nxe2+ 32. Kf1 Kxg6 33. Kxe2 Rb8 34.
Rc6 Kf5 35. Ke3 g4 36. hxg4+ Kxg4 37. b3 f5 38. a4 Bh6+ 1/2-1/2

[Event "43. Olimpiada Batumi 2018 Femenina"]
[Site "Batumi GEO"]
[Date "2018.09.26"]
[Round "3.1"]
[White "Maksimovic, Masa"]
[Black "Aseel, Odeh"]
[Result "1-0"]
[WhiteElo "2130"]
[BlackElo "1647"]
[PlyCount "117"]
[EventDate "2018.09.24"]
[EventType "team-swiss"]
[EventRounds "11"]
[EventCountry "GEO"]
[SourceTitle "Ajedrez en Madrid"]
[Source "lmi"]
[SourceDate "2018.09.24"]
[WhiteTeam "Bosnia & Herzegovina"]
[BlackTeam "Jordan"]
[WhiteTeamCountry "BIH"]
[BlackTeamCountry "JOR"]

1. e4 b6 2. d4 Bb7 3. f3 e6 4. Be3 Nf6 5. Nc3 Bb4 6. Nge2 Bxc3+ 7. Nxc3 d6 8.
Qd2 Nbd7 9. O-O-O Qe7 10. Nb5 Qd8 11. Qc3 O-O 12. Qxc7 Qxc7 13. Nxc7 Rac8 14.
Nb5 d5 15. Nd6 Rc7 16. Nxb7 Rxb7 17. Ba6 Rbb8 18. Bf4 Rbd8 19. Bc7 Rc8 20. Bd6
Rfd8 21. Bxc8 Rxc8 22. exd5 Nxd5 23. Kb1 Ne3 24. Rd2 Nc4 25. Bf4 Nxd2+ 26. Bxd2
Nf6 27. c3 Rd8 28. Bg5 Rd5 29. Bxf6 gxf6 30. Kc2 Kf8 31. Rd1 Ke7 32. c4 Rh5 33.
h3 Kd6 34. Kc3 Kc6 35. Re1 Kd6 36. Re4 Rg5 37. Rg4 h5 38. Rxg5 fxg5 39. g3 f6
40. Kd3 f5 41. Ke3 e5 42. dxe5+ Kxe5 43. f4+ gxf4+ 44. gxf4+ Kd6 45. Kd4 h4 46.
b4 a6 47. c5+ bxc5+ 48. bxc5+ Kc6 49. Kc4 a5 50. a4 Kd7 51. Kb5 Kc7 52. c6 Kc8
53. Kxa5 Kc7 54. Kb5 Kc8 55. Kb6 Kb8 56. c7+ Kc8 57. a5 Kd7 58. Kb7 Ke7 59.
c8=Q 1-0

[Event "43. Olimpiada Batumi 2018 Femenina"]
[Site "Batumi GEO"]
[Date "2018.09.26"]
[Round "3.2"]
[White "Razan, Alshaeby"]
[Black "Jacimovic, Sara"]
[Result "0-1"]
[WhiteElo "1712"]
[BlackElo "1960"]
[PlyCount "66"]
[EventDate "2018.09.24"]
[EventType "team-swiss"]
[EventRounds "11"]
[EventCountry "GEO"]
[SourceTitle "Ajedrez en Madrid"]
[Source "lmi"]
[SourceDate "2018.09.24"]
[WhiteTeam "Jordan"]
[BlackTeam "Bosnia & Herzegovina"]
[WhiteTeamCountry "JOR"]
[BlackTeamCountry "BIH"]

1. e4 e5 2. d4 exd4 3. c3 dxc3 4. Nxc3 Nc6 5. Bc4 d6 6. Nf3 Nf6 7. Qb3 Qd7 8.
Ng5 Ne5 9. Bb5 c6 10. f4 cxb5 11. fxe5 dxe5 12. O-O h6 13. Rxf6 gxf6 14. Nd5
Bg7 15. Nf3 Qc6 16. Bd2 Be6 17. Rc1 Bxd5 18. exd5 Qd7 19. Bb4 a5 20. Be1 Bf8
21. Bg3 Bd6 22. Qe3 Rc8 23. Rxc8+ Qxc8 24. Bf2 Qc7 25. Nd4 Bc5 26. Qg3 Bxd4 27.
Bxd4 Qc1+ 28. Kf2 Qd2+ 29. Kf1 Qxd4 30. Qg7 Rf8 31. g3 Ke7 32. Qxh6 Rc8 33. h4
Rc2 0-1

[Event "43. Olimpiada Batumi 2018 Femenina"]
[Site "Batumi GEO"]
[Date "2018.09.26"]
[Round "3.3"]
[White "Mahmutbegovic, Nadina"]
[Black "Alattar, Ghayda M"]
[Result "1/2-1/2"]
[WhiteElo "1946"]
[BlackElo "1926"]
[PlyCount "73"]
[EventDate "2018.09.24"]
[EventType "team-swiss"]
[EventRounds "11"]
[EventCountry "GEO"]
[SourceTitle "Ajedrez en Madrid"]
[Source "lmi"]
[SourceDate "2018.09.24"]
[WhiteTeam "Bosnia & Herzegovina"]
[BlackTeam "Jordan"]
[WhiteTeamCountry "BIH"]
[BlackTeamCountry "JOR"]

1. e4 e5 2. Nf3 Nc6 3. Nc3 Nf6 4. a3 g6 5. d3 h6 6. Be2 Bg7 7. h3 d5 8. exd5
Nxd5 9. Bd2 Be6 10. O-O O-O 11. Re1 Rb8 12. Bf1 Re8 13. g3 a6 14. Bg2 Nxc3 15.
Bxc3 Bd5 16. Qd2 Kh7 17. Re2 Qd7 18. Kh2 Re7 19. Rae1 Rbe8 20. Qd1 b5 21. Qd2
Qd6 22. Kg1 Bxf3 23. Bxf3 Nd4 24. Bxd4 exd4 25. Kg2 Re6 26. Rxe6 Rxe6 27. Rxe6
Qxe6 28. b3 Qd6 29. Qb4 Qxb4 30. axb4 Bf8 31. Bb7 Bxb4 32. Bxa6 c6 33. Bb7 c5
34. Ba6 Kg7 35. Bxb5 Kf6 36. Kf3 g5 37. g4 1/2-1/2

[Event "43. Olimpiada Batumi 2018 Femenina"]
[Site "Batumi GEO"]
[Date "2018.09.26"]
[Round "3.4"]
[White "Boshra, Alshaeby"]
[Black "Tomic, Vladanka"]
[Result "1-0"]
[WhiteElo "1979"]
[BlackElo "1862"]
[PlyCount "85"]
[EventDate "2018.09.24"]
[EventType "team-swiss"]
[EventRounds "11"]
[EventCountry "GEO"]
[SourceTitle "Ajedrez en Madrid"]
[Source "lmi"]
[SourceDate "2018.09.24"]
[WhiteTeam "Jordan"]
[BlackTeam "Bosnia & Herzegovina"]
[WhiteTeamCountry "JOR"]
[BlackTeamCountry "BIH"]

1. e4 e5 2. Nf3 Nc6 3. Bb5 a6 4. Ba4 Nf6 5. Bxc6 dxc6 6. d3 Bd6 7. Nbd2 c5 8.
Nc4 Qe7 9. Bd2 b5 10. Ne3 O-O 11. h4 c4 12. h5 cxd3 13. cxd3 Be6 14. Nh4 Nd7
15. Nef5 Bxf5 16. Nxf5 Qf6 17. Qg4 Kh8 18. Rh3 Rg8 19. Rg3 g6 20. Nh6 Rgd8 21.
Rf3 gxh5 22. Qxh5 Qg6 23. Nxf7+ Kg8 24. Qxg6+ hxg6 25. Nxd8 Rxd8 26. Ke2 Nf8
27. Rh1 Rd7 28. Rfh3 Rh7 29. Rxh7 Nxh7 30. g3 Nf6 31. f4 Nh5 32. Kf3 Kf7 33.
Rc1 Ng7 34. Bc3 exf4 35. Bxg7 Kxg7 36. gxf4 c5 37. e5 Be7 38. Ke4 Kf8 39. Kd5
Kf7 40. Rh1 Kg7 41. Ke6 Bf8 42. Rg1 Kh7 43. Kf7 1-0

[Event "43. Olimpiada Batumi 2018 Femenina"]
[Site "Batumi GEO"]
[Date "2018.09.26"]
[Round "3.1"]
[White "Mezioud, Amina"]
[Black "Mirza, Diana"]
[Result "1/2-1/2"]
[WhiteElo "2056"]
[BlackElo "1960"]
[PlyCount "80"]
[EventDate "2018.09.24"]
[EventType "team-swiss"]
[EventRounds "11"]
[EventCountry "GEO"]
[SourceTitle "Ajedrez en Madrid"]
[Source "lmi"]
[SourceDate "2018.09.24"]
[WhiteTeam "Algeria"]
[BlackTeam "Ireland"]
[WhiteTeamCountry "ALG"]
[BlackTeamCountry "IRL"]

1. e4 e5 2. Nf3 d6 3. d4 Nf6 4. Nc3 Nc6 5. h3 exd4 6. Nxd4 g6 7. Be2 Bg7 8. Be3
O-O 9. Qd2 Re8 10. f3 d5 11. Nxc6 bxc6 12. O-O dxe4 13. Qxd8 Rxd8 14. fxe4 Re8
15. Bf3 Nd7 16. Rad1 Ne5 17. Be2 Be6 18. Bd4 Red8 19. Kh1 Nc4 20. Bxg7 Kxg7 21.
Rxd8 Rxd8 22. Bxc4 Bxc4 23. Rf2 Rd4 24. Kh2 Ba6 25. Kg3 Bb7 26. Kf4 c5 27. Ke3
Kf8 28. g4 h6 29. b3 a6 30. h4 Ke7 31. g5 hxg5 32. hxg5 Bc6 33. Rf4 Rd6 34. Rh4
Re6 35. Rf4 Rd6 36. a3 Re6 37. Rf1 Re5 38. Rg1 Kd6 39. Rd1+ Ke7 40. Rg1 Kd6
1/2-1/2

[Event "43. Olimpiada Batumi 2018 Femenina"]
[Site "Batumi GEO"]
[Date "2018.09.26"]
[Round "3.2"]
[White "Plaza Reino, Mercedes"]
[Black "Latreche, Sabrina"]
[Result "0-1"]
[WhiteElo "1727"]
[BlackElo "2056"]
[PlyCount "188"]
[EventDate "2018.09.24"]
[EventType "team-swiss"]
[EventRounds "11"]
[EventCountry "GEO"]
[SourceTitle "Ajedrez en Madrid"]
[Source "lmi"]
[SourceDate "2018.09.24"]
[WhiteTeam "Ireland"]
[BlackTeam "Algeria"]
[WhiteTeamCountry "IRL"]
[BlackTeamCountry "ALG"]

1. d4 d5 2. c4 c6 3. Nc3 Nf6 4. Nf3 e6 5. Bg5 Be7 6. e3 Qa5 7. Qc2 Nbd7 8. cxd5
Nxd5 9. Bxe7 Nxe7 10. Be2 e5 11. O-O exd4 12. Nxd4 Nf6 13. Rfd1 O-O 14. a3 Qg5
15. Ne4 Nxe4 16. Qxe4 Ng6 17. Nf3 Qf6 18. Qd4 Qe7 19. Qd6 Be6 20. Qxe7 Nxe7 21.
Rd2 Bd5 22. Ne5 Rad8 23. Rad1 f6 24. Nf3 Rc8 25. Nd4 f5 26. Bf3 Bf7 27. Ne2 Bb3
28. Rc1 Rcd8 29. Nd4 Bd5 30. Rcd1 Bxf3 31. Nxf3 Rxd2 32. Rxd2 Nd5 33. g3 Re8
34. Kg2 Kf7 35. Nd4 Kf6 36. h4 h6 37. Ne2 Nb6 38. Rd4 Re7 39. Nc3 Nd7 40. Kf3
Ne5+ 41. Ke2 Nd7 42. Rd6+ Kf7 43. Kd1 Ne5 44. Rd4 g5 45. hxg5 hxg5 46. e4 Nf3
47. Rd3 fxe4 48. Nxe4 g4 49. Re3 Rd7+ 50. Kc2 b6 51. Kc3 Rd1 52. Rd3 Rc1+ 53.
Kb3 Ne5 54. Re3 Ke6 55. f4 gxf3 56. Ng5+ Kd5 57. Nxf3 Nc4 58. Re7 a5 59. Re1
Nd2+ 60. Ka2 Rxe1 61. Nxe1 a4 62. Nd3 Ke4 63. Nb4 c5 64. Nc6 Kf3 65. Na7 Kxg3
66. Nb5 Ne4 67. Kb1 Kf3 68. Kc2 Ke3 69. Nc7 Kd4 70. Na8 b5 71. Nc7 Kc4 72. Ne6
b4 73. Nc7 b3+ 74. Kc1 Kd3 75. Ne6 c4 76. Nf4+ Ke3 77. Nd5+ Kd4 78. Nb6 c3 79.
bxc3+ Nxc3 80. Kb2 Nd1+ 81. Kb1 Kc5 82. Nd7+ Kc6 83. Ne5+ Kd5 84. Nd7 Kc6 85.
Ne5+ Kb5 86. Nd7 Ne3 87. Ne5 Nc4 88. Nd3 Nxa3+ 89. Kb2 Nc4+ 90. Kc3 Ne3 91. Kb2
Nd1+ 92. Kb1 a3 93. Nc1 Nc3+ 94. Ka1 b2# 0-1

[Event "43. Olimpiada Batumi 2018 Femenina"]
[Site "Batumi GEO"]
[Date "2018.09.26"]
[Round "3.3"]
[White "Toubal, Hayat"]
[Black "Lowry-O`Reilly, Hannah"]
[Result "1-0"]
[WhiteElo "1862"]
[BlackElo "1716"]
[PlyCount "55"]
[EventDate "2018.09.24"]
[EventType "team-swiss"]
[EventRounds "11"]
[EventCountry "GEO"]
[SourceTitle "Ajedrez en Madrid"]
[Source "lmi"]
[SourceDate "2018.09.24"]
[WhiteTeam "Algeria"]
[BlackTeam "Ireland"]
[WhiteTeamCountry "ALG"]
[BlackTeamCountry "IRL"]

1. d4 d5 2. c4 e6 3. Nc3 Nf6 4. Bg5 Be7 5. e3 O-O 6. Qb3 dxc4 7. Bxc4 Nbd7 8.
Nf3 a6 9. a4 c5 10. O-O b6 11. Rfd1 Qe8 12. Bxf6 Bxf6 13. Ne4 cxd4 14. Nxf6+
Nxf6 15. Rxd4 Rb8 16. Ne5 b5 17. axb5 axb5 18. Ra5 Nd7 19. Rxb5 Nc5 20. Qb4
Rxb5 21. Bxb5 Qe7 22. Rc4 Qd6 23. Rxc5 Qd1+ 24. Bf1 Ba6 25. Nc4 h6 26. Ra5 Rc8
27. Rxa6 Rxc4 28. Qxc4 1-0

[Event "43. Olimpiada Batumi 2018 Femenina"]
[Site "Batumi GEO"]
[Date "2018.09.26"]
[Round "3.4"]
[White "Ni Mhuireagain, Eibhia"]
[Black "Nassr, Lina"]
[Result "0-1"]
[WhiteElo "1655"]
[BlackElo "1854"]
[PlyCount "40"]
[EventDate "2018.09.24"]
[EventType "team-swiss"]
[EventRounds "11"]
[EventCountry "GEO"]
[SourceTitle "Ajedrez en Madrid"]
[Source "lmi"]
[SourceDate "2018.09.24"]
[WhiteTeam "Ireland"]
[BlackTeam "Algeria"]
[WhiteTeamCountry "IRL"]
[BlackTeamCountry "ALG"]

1. e4 c5 2. c3 e6 3. d4 d5 4. exd5 Qxd5 5. Nf3 Nf6 6. Be3 Nbd7 7. Be2 Be7 8.
O-O O-O 9. Nbd2 cxd4 10. Nxd4 Nb6 11. Bf3 Qd8 12. Bg5 e5 13. Ne2 Qc7 14. Qc2
Be6 15. Rfe1 Nfd5 16. Bxe7 Nxe7 17. Rad1 Nc6 18. Ne4 Qe7 19. b3 f5 20. Nd6 Rad8
0-1

[Event "43. Olimpiada Batumi 2018 Femenina"]
[Site "Batumi GEO"]
[Date "2018.09.26"]
[Round "3.1"]
[White "Arakhamia-Grant, Ketevan"]
[Black "Castillo Pena, Patricia Evarista"]
[Result "1-0"]
[WhiteElo "2345"]
[BlackElo "1810"]
[PlyCount "81"]
[EventDate "2018.09.24"]
[EventType "team-swiss"]
[EventRounds "11"]
[EventCountry "GEO"]
[SourceTitle "Ajedrez en Madrid"]
[Source "lmi"]
[SourceDate "2018.09.24"]
[WhiteTeam "Scotland"]
[BlackTeam "Dominican Republic"]
[WhiteTeamCountry "SCO"]
[BlackTeamCountry "DOM"]

1. e4 c5 2. Nf3 d6 3. Bb5+ Nd7 4. a4 Ngf6 5. Nc3 a6 6. Bc4 g6 7. a5 Bg7 8.
Bxf7+ Kxf7 9. Ng5+ Kg8 10. Ne6 Qe8 11. Nc7 Qf7 12. Nxa8 Ne5 13. O-O h5 14. Nb6
Bg4 15. f3 Be6 16. d3 h4 17. h3 Rh5 18. Be3 g5 19. Nbd5 Ng6 20. Nxf6+ Bxf6 21.
Ne2 Nf4 22. c3 Bg7 23. Qd2 Nxe2+ 24. Qxe2 Qg6 25. d4 d5 26. exd5 Bxd5 27. dxc5
g4 28. fxg4 Re5 29. Qf2 Qe6 30. Rfe1 Re4 31. Bd4 Bh6 32. Rxe4 Qxe4 33. Re1 Qh7
34. Qf5 e6 35. Qxh7+ Kxh7 36. Bf6 Bf8 37. b4 Bh6 38. g5 Bg7 39. Bxg7 Kxg7 40.
Kf2 Kg6 41. Re5 1-0

[Event "43. Olimpiada Batumi 2018 Femenina"]
[Site "Batumi GEO"]
[Date "2018.09.26"]
[Round "3.2"]
[White "Hazim Gonzalez, Elizabeth"]
[Black "Roy, Ali"]
[Result "1/2-1/2"]
[WhiteElo "1748"]
[BlackElo "1923"]
[PlyCount "134"]
[EventDate "2018.09.24"]
[EventType "team-swiss"]
[EventRounds "11"]
[EventCountry "GEO"]
[SourceTitle "Ajedrez en Madrid"]
[Source "lmi"]
[SourceDate "2018.09.24"]
[WhiteTeam "Dominican Republic"]
[BlackTeam "Scotland"]
[WhiteTeamCountry "DOM"]
[BlackTeamCountry "SCO"]

1. e4 e6 2. d4 d5 3. e5 c5 4. c3 Nc6 5. Nf3 Qb6 6. a3 Nh6 7. Bd3 Nf5 8. Bxf5
exf5 9. O-O cxd4 10. cxd4 Be7 11. Nc3 Be6 12. b4 O-O 13. Qd3 f6 14. exf6 Bxf6
15. Na4 Qc7 16. g3 b6 17. Bf4 Qd7 18. Nc3 Rac8 19. Rac1 h6 20. h4 Qd8 21. Rfe1
Re8 22. h5 Qd7 23. Nb5 Bf7 24. Rxe8+ Rxe8 25. Nd6 Re6 26. Nxf7 Qxf7 27. Qxf5
Qd7 28. Be3 Nxd4 29. Nxd4 Bxd4 30. Qf3 Bb2 31. Rd1 d4 32. Bc1 Bxc1 33. Rxc1 d3
34. Rd1 d2 35. Qb3 Kh8 36. Qc3 Re2 37. Kf1 Qe6 38. g4 Qxg4 39. Rxd2 Rxd2 40.
Qxd2 Qxh5 41. Qd8+ Kh7 42. Qd3+ Qg6 43. Qe3 h5 44. Qd4 Qf7 45. Qe4+ g6 46. Qe5
Kh6 47. f4 Qc4+ 48. Kg2 Qc2+ 49. Kg3 Qd3+ 50. Kh4 Qd8+ 51. Kg3 a5 52. bxa5 bxa5
53. a4 g5 54. fxg5+ Qxg5+ 55. Qxg5+ Kxg5 56. Kh3 h4 57. Kh2 Kg4 58. Kg2 Kf4 59.
Kh3 Ke4 60. Kxh4 Kd4 61. Kg4 Kc4 62. Kf3 Kb4 63. Ke3 Kxa4 64. Kd2 Kb3 65. Kc1
a4 66. Kb1 a3 67. Ka1 a2 1/2-1/2

[Event "43. Olimpiada Batumi 2018 Femenina"]
[Site "Batumi GEO"]
[Date "2018.09.26"]
[Round "3.3"]
[White "Giulian, Rosemary A"]
[Black "Diaz Cesar, Wilsaida Pieranlly"]
[Result "0-1"]
[WhiteElo "1924"]
[BlackElo "1815"]
[PlyCount "74"]
[EventDate "2018.09.24"]
[EventType "team-swiss"]
[EventRounds "11"]
[EventCountry "GEO"]
[SourceTitle "Ajedrez en Madrid"]
[Source "lmi"]
[SourceDate "2018.09.24"]
[WhiteTeam "Scotland"]
[BlackTeam "Dominican Republic"]
[WhiteTeamCountry "SCO"]
[BlackTeamCountry "DOM"]

1. e4 c5 2. c3 d5 3. exd5 Qxd5 4. d4 Nf6 5. Nf3 e6 6. Na3 cxd4 7. Nb5 Qd8 8.
Nbxd4 Be7 9. Bd3 O-O 10. O-O b6 11. Qe2 Bb7 12. Bf4 Nbd7 13. Rad1 Qc8 14. Nxe6
Bxf3 15. gxf3 Re8 16. Nc7 Bd6 17. Nxe8 Bxf4 18. Bf5 Qc5 19. Nxf6+ Nxf6 20. Bg4
Qg5 21. Kh1 Qh4 22. h3 Nxg4 23. Kg2 Nf6 24. Qe7 Qg5+ 25. Kh1 g6 26. Rd8+ Rxd8
27. Qxd8+ Kg7 28. Qd4 Be5 29. Qc4 b5 30. f4 Qf5 31. Qc6 Qxh3+ 32. Kg1 Bxf4 33.
Qg2 Qd3 34. Qb7 Ne4 35. Qxa7 Nd2 36. Rd1 Nf3+ 37. Kg2 Qxd1 0-1

[Event "43. Olimpiada Batumi 2018 Femenina"]
[Site "Batumi GEO"]
[Date "2018.09.26"]
[Round "3.4"]
[White "Rosario Almanzar, Raydily"]
[Black "Reid, Caitlin"]
[Result "0-1"]
[WhiteElo "1755"]
[BlackElo "1488"]
[PlyCount "62"]
[EventDate "2018.09.24"]
[EventType "team-swiss"]
[EventRounds "11"]
[EventCountry "GEO"]
[SourceTitle "Ajedrez en Madrid"]
[Source "lmi"]
[SourceDate "2018.09.24"]
[WhiteTeam "Dominican Republic"]
[BlackTeam "Scotland"]
[WhiteTeamCountry "DOM"]
[BlackTeamCountry "SCO"]

1. e4 c5 2. Nf3 Nc6 3. d4 cxd4 4. Nxd4 Nf6 5. Nc3 g6 6. Be3 Bg7 7. f3 O-O 8.
Qd2 Qb6 9. Ne6 Qxb2 10. Rb1 Qa3 11. Nxf8 Kxf8 12. Be2 e6 13. O-O b6 14. f4 d6
15. Rb3 Qa5 16. Qxd6+ Ne7 17. Bb5 Bb7 18. Ra3 Nxe4 19. Nxe4 Qxb5 20. Ng5 h6 21.
Nf3 Ke8 22. Rb3 Qa4 23. Ra3 Qxc2 24. Rc1 Qe4 25. Rc7 Bf6 26. Qd7+ Kf8 27. Rxb7
Qb1+ 28. Kf2 Qb2+ 29. Kf1 Qxa3 30. Bd4 Bxd4 31. Qxd4 Qa6+ 0-1

[Event "43. Olimpiada Batumi 2018 Femenina"]
[Site "Batumi GEO"]
[Date "2018.09.26"]
[Round "3.1"]
[White "Mencos Castillo, Maria"]
[Black "Premanath, Dinushki"]
[Result "1/2-1/2"]
[WhiteElo "1888"]
[BlackElo "1813"]
[PlyCount "119"]
[EventDate "2018.09.24"]
[EventType "team-swiss"]
[EventRounds "11"]
[EventCountry "GEO"]
[SourceTitle "Ajedrez en Madrid"]
[Source "lmi"]
[SourceDate "2018.09.24"]
[WhiteTeam "Guatemala"]
[BlackTeam "Sri Lanka"]
[WhiteTeamCountry "GUA"]
[BlackTeamCountry "SRI"]

1. e4 c5 2. Nc3 Nc6 3. g3 g6 4. Bg2 Bg7 5. d3 d6 6. Be3 e5 7. Qd2 Nge7 8. Nce2
O-O 9. c3 f5 10. f4 b6 11. Nf3 Bb7 12. Qc2 d5 13. O-O Kh8 14. Rad1 Qd7 15. Nxe5
Nxe5 16. fxe5 Bxe5 17. d4 cxd4 18. cxd4 Rac8 19. Qd2 Bg7 20. e5 Ba6 21. Rfe1
Bxe2 22. Rxe2 Qe6 23. Rc1 Rfd8 24. Bg5 Rxc1+ 25. Qxc1 Rc8 26. Rc2 Rxc2 27. Qxc2
Nc6 28. Be3 h6 29. Qb3 Ne7 30. Bd2 a5 31. Qb5 Qc6 32. Qxc6 Nxc6 33. Bc3 Ne7 34.
a4 Kh7 35. b4 axb4 36. Bxb4 Nc6 37. Bc3 Ne7 38. Bb2 Kg8 39. Ba3 Kf7 40. Bxe7
Kxe7 41. Bxd5 h5 42. h4 Bh6 43. Kf2 Bd2 44. Bc4 Bc3 45. Ke3 Be1 46. Kf4 Bd2+
47. Kf3 Bc3 48. Ke3 Be1 49. d5 Bxg3 50. d6+ Kd8 51. Kd4 Bxh4 52. e6 Bg5 53. e7+
Bxe7 54. dxe7+ Kxe7 55. Ke5 h4 56. Bf1 Kd7 57. Kf6 Kc6 58. Kg5 h3 59. Bxh3 b5
60. axb5+ 1/2-1/2

[Event "43. Olimpiada Batumi 2018 Femenina"]
[Site "Batumi GEO"]
[Date "2018.09.26"]
[Round "3.2"]
[White "Ranasinghe, S D."]
[Black "Mencos, Claudia"]
[Result "1-0"]
[WhiteElo "1785"]
[BlackElo "1996"]
[PlyCount "46"]
[EventDate "2018.09.24"]
[EventType "team-swiss"]
[EventRounds "11"]
[EventCountry "GEO"]
[SourceTitle "Ajedrez en Madrid"]
[Source "lmi"]
[SourceDate "2018.09.24"]
[WhiteTeam "Sri Lanka"]
[BlackTeam "Guatemala"]
[WhiteTeamCountry "SRI"]
[BlackTeamCountry "GUA"]

1. d4 d5 2. c4 c6 3. Nf3 Nf6 4. e3 Bf5 5. cxd5 cxd5 6. Nc3 Bc8 7. Bb5+ Nbd7 8.
O-O e6 9. e4 dxe4 10. Ng5 a6 11. Bxd7+ Qxd7 12. Ngxe4 Nxe4 13. Nxe4 Be7 14. Qf3
Qxd4 15. Rd1 Qb4 16. Bd2 Qb5 17. Qg3 Kf8 18. Bf4 f6 19. Bd6 Qe8 20. Qa3 Kf7 21.
Bxe7 Qxe7 22. Nd6+ Kf8 23. Qf3 e5 1-0

[Event "43. Olimpiada Batumi 2018 Femenina"]
[Site "Batumi GEO"]
[Date "2018.09.26"]
[Round "3.3"]
[White "Mazariegos, Silvia Carolina"]
[Black "De Silva, Tenara"]
[Result "1/2-1/2"]
[WhiteElo "1922"]
[BlackElo "1764"]
[PlyCount "81"]
[EventDate "2018.09.24"]
[EventType "team-swiss"]
[EventRounds "11"]
[EventCountry "GEO"]
[SourceTitle "Ajedrez en Madrid"]
[Source "lmi"]
[SourceDate "2018.09.24"]
[WhiteTeam "Guatemala"]
[BlackTeam "Sri Lanka"]
[WhiteTeamCountry "GUA"]
[BlackTeamCountry "SRI"]

1. d4 Nf6 2. Nf3 g6 3. Bf4 Bg7 4. e3 d6 5. h3 O-O 6. Bd3 c5 7. c3 Qb6 8. Qb3
Be6 9. Qa3 cxd4 10. exd4 Bd5 11. Nbd2 Bxf3 12. Nxf3 e5 13. dxe5 Nd5 14. Bd2
dxe5 15. O-O Nc6 16. Rad1 Qc7 17. Rfe1 Rae8 18. Bc1 Nb6 19. Be3 Rd8 20. Bb5
Rxd1 21. Rxd1 a6 22. Bxc6 Nc4 23. Qc5 Nxe3 24. fxe3 Qxc6 25. Qxc6 bxc6 26. Rd6
Rc8 27. Nd2 Kf8 28. Rd7 c5 29. Nc4 Rc6 30. Kf2 Ke8 31. Ra7 e4 32. a4 Bf8 33.
Ke2 Bd6 34. a5 Bc7 35. Rb7 Kd8 36. Rb3 f5 37. Ra3 Ke7 38. Rb3 Kd8 39. Ra3 Ke7
40. Rb3 Kd8 41. Ra3 1/2-1/2

[Event "43. Olimpiada Batumi 2018 Femenina"]
[Site "Batumi GEO"]
[Date "2018.09.26"]
[Round "3.4"]
[White "Jayaweera, Sayuni Gihansa"]
[Black "Diaz, Luisa"]
[Result "1-0"]
[WhiteElo "1655"]
[BlackElo "1718"]
[PlyCount "81"]
[EventDate "2018.09.24"]
[EventType "team-swiss"]
[EventRounds "11"]
[EventCountry "GEO"]
[SourceTitle "Ajedrez en Madrid"]
[Source "lmi"]
[SourceDate "2018.09.24"]
[WhiteTeam "Sri Lanka"]
[BlackTeam "Guatemala"]
[WhiteTeamCountry "SRI"]
[BlackTeamCountry "GUA"]

1. d4 d5 2. c4 Nf6 3. Nf3 g6 4. g3 Bg7 5. Bg2 O-O 6. O-O c6 7. cxd5 cxd5 8. Nc3
e6 9. Bf4 a6 10. Qb3 Nc6 11. Na4 b5 12. Nc5 Qb6 13. Rac1 Ne4 14. e3 Na5 15. Qc2
Nf6 16. Nd3 Nc4 17. b3 Nd6 18. Qc6 Qxc6 19. Rxc6 Nde4 20. Rfc1 Bd7 21. Rc7 Rfc8
22. Nfe5 Rxc7 23. Rxc7 Be8 24. Nc6 Nh5 25. Bxe4 Nxf4 26. gxf4 dxe4 27. Nc5 Bf8
28. Nxe4 Kg7 29. Ne7 Bxe7 30. Rxe7 Rc8 31. Nc5 a5 32. Ra7 a4 33. Nxe6+ Kf6 34.
Nc5 axb3 35. axb3 h5 36. b4 Bc6 37. e4 Kg7 38. d5 Be8 39. d6 Bc6 40. d7 Rd8 41.
Rc7 1-0